000 00359nam a2200133Ia 4500
005 20260326235455.0
008 260326s9999||||xx |||||||||||||| ||und||
100 _aAbrams,Charles
245 0 _aLa lucha por el techo :
_b En un Mundo en Urbanización /
_cCharles Abrams
260 _bEdiciones Infinito
300 _a366 p.
650 _aURBANISMO
942 _cBK
999 _c7898
_d7898